000 00451pab a2200133 454500
008 180718b1989 xxu||||| |||| 00| 0 eng d
100 _aMacManus, Susan A. and others
245 _aA decade of decline
_bA longitudinal look at big city and big country strategies to cope with decline revenues
260 _c1989
300 _a749-96
650 _aMunicipal Finance - Policy
773 _aInternational Journal of Public Administration
909 _a14203
999 _c14203
_d14203